| 000 | 00843nam a22002057a 4500 | ||
|---|---|---|---|
| 003 | OSt | ||
| 005 | 20260418140343.0 | ||
| 008 | 260407b |||||||| |||| 00| 0 eng d | ||
| 040 | _c0 | ||
| 082 | _aDPer 361.3095 As41 March-December 2024 v. 34 n. 1-4 | ||
| 100 |
_aJian, Miao. _eauthor. _970460 |
||
| 245 |
_aSelf-care interventions for social workers in China : _ba scoping review / _cMiao Jian, Fan Wu, and Yingfei Du. |
||
| 260 |
_aOxfordshire, United Kingdom : _bRoutledge Taylor & Francis Group , _cSeptember 2024. |
||
| 300 |
_aVolume 34, pages 270-283 : _billustration ; _c24cm. |
||
| 500 | _aAsia Pacific Journal of Social Work & Development, vol. 34, no. 3, pages 270-283, September 2024. | ||
| 700 |
_aJian, Miao. _eauthor. _970460 |
||
| 700 |
_aWu, Fan. _eauthor. _966357 |
||
| 700 |
_aDu, Yingfei. _eauthor. _970462 |
||
| 942 |
_2ddc _cPER |
||
| 999 |
_c24565 _d24565 |
||